Čarovné dni v znamení futbalu, volejbalu a streetbalu

Bibliographic Details
Format: Article
Language:Slovak
PhysicalDescription:Fotogr.
ISSN:1338-0346
Subjects:

MARC

LEADER 00000nab a2200000 a 4500
001 vtls010545104
003 SK-MaSNL
005 20260303210736.0
008 130920c2013 xo wr n 0 0slo
038 |a SLLK 
040 |a SLLK  |b slo  |c sllk  |e AACR2 
041 |a slo 
044 |a xo  |c SK 
080 |a 379.8  |2 2001 
245 0 0 |a Čarovné dni v znamení futbalu, volejbalu a streetbalu  |c Text (J.P.) ; foto (J.P., Ľ.Š) 
300 |b Fotogr. 
610 2 7 |a Centrum voľného času (Stará Ľubovňa, Slovensko)  |2 sllk  |9 59256 
611 2 7 |a Čarovné dni mladých  |n (6. :  |d 2013 :  |c Stará Ľubovňa, Slovensko)  |2 sllk  |9 1242885 
648 7 |a 2013  |2 snkbucl  |9 324251 
650 0 7 |a voľný čas  |2 sllk  |9 3355 
651 7 |a Stará Ľubovňa (Slovensko)  |2 sllk  |9 19193 
773 0 |t Ľubovnianske noviny  |g Roč. XXXVII, č. 34 (2013), s. 8  |x 1338-0346 
999 |c 2201477  |d 2203407